| 000 | 02424nam a2200253Ia 4500 | ||
|---|---|---|---|
| 003 | Ost | ||
| 005 | 20260507075009.0 | ||
| 008 | 260507s9999||||xx |||||||||||||| ||und|| | ||
| 020 | _a9773282619 | ||
| 040 | _cfsecg | ||
| 041 | _aara | ||
| 082 | _a341.37 | ||
| 100 |
_aفهمي، خالد مصطفى _eمؤلف |
||
| 245 | 0 |
_aالنظام القانوني للتوقيع الالكتروني في ضوء الاتفاقيات الدولية و التشريعات العربية و القانون 15 لسنة2004 / _c خالد مصطفى فهمي |
|
| 260 |
_aالاسكندرية: _bدار الجامعة الجديدة, _c2007 |
||
| 300 |
_a312 صفحة؛ _c24 سم |
||
| 504 | _aبيبليوغرافيا: ص. 302 | ||
| 520 | _aيضم ماهية وأهمية التوقيع في مجال الاثبات، تعريف التوقيع ، أشكال التوقيع ، وظائف التوقيع وشروطه وماهية التوقيع الالكتروني وتمييزه بالإضافة إلى تعريف التوقيع الالكتروني ومدى تعلقه بالنظام العام ، سمات ومميزت التوقيع الالكتروني ، صور التوقيع الالكتروني، حجية المحررات الالكترونية في الاثبات، حجية المحرر الالكتروني في الاثبات ، حجية التوقيع الالكتروني في الاثبات، والفصل الثالث يضم الاطار التشريعي والتقني للتصدير على التوقيع الالكتروني، التنظيم القاموني هيئة التنمية صناعة تكنولوجيا المعلومات ، جهات التصديق الالكتروني ، شهادات التصديق الالكتروني المسؤولية المدانية الناشئة عن التوقيع الالكتروني، المسؤولية العقدية في مجال التوقيع الالكتروني ، المسؤولية التقصيرية في مجال التوقيع الالكتروني ، أثر توافر أركان المسؤولية ( التعويض )، المسؤولية المدنية للشخص المعنوي، تطبيقات التوقيع الالكتروني. | ||
| 653 | _aالإتفاقيات الدولية | ||
| 653 | _aالحقوق المدنية | ||
| 653 | _aتكنولوجيا المعلومات | ||
| 653 | _aقوانين و تشريعات | ||
| 942 | _cكتاب | ||
| 999 |
_c42142 _d42142 |
||